000 00516nam a2200181Ia 4500
001 9642
005 20260306161733.0
008 260306t1995||||xx |||||||||||||| ||spa||
041 _aESP
082 _a384.34
_bN51
100 _aNGLS/UNCTAD
_eAUT
245 0 _aEl correo electrónico @ su alcance:
_bUn manual sobre el uso del correo electrónico destinado a las ONG en países en desarrollo
260 _c1995
300 _a152 páginas :
_c21 cm.
650 _aGEN
654 _aCAN
942 _cLIB
_dJUS
_fJUS
_2ddc
_n
999 _c9642
_d9642